Small Business Management

Na minha lista:
Detalhes bibliográficos
Autor principal: Pickle, Hal B.
Outros Autores: Abrahamson, Royce L.
Formato: Livro
Idioma:inglês
Publicado em: New York Wiley and Sons 1990
Edição:5. ed.
Tags: Adicionar Tag
Sem tags, seja o primeiro a adicionar uma tag!

MARC

LEADER 00000nam a2200000 4500
001 c025111
005 20221206122714.2
041 0 |a eng 
044 |a US 
245 1 0 |a Small Business Management  |c Hal B. Pickle, Royce L. Abrahamson 
250 |a 5. ed. 
264 1 |a New York  |b Wiley and Sons  |c 1990 
300 |a 702 s. 
100 1 |a Pickle, Hal B. 
700 1 |a Abrahamson, Royce L.